Risvegli /

Guardat en:
Dades bibliogràfiques
Autor principal: Newman, Randy (Compositor)
Altres autors: Williams, Robin, (1951-2014) (Actor), Miller, Penelope Ann (Actor), Kavner, Julie (Actor), De Niro, Robert, (1943- ) (Actor), Sydow, Max : von (Actor), Marshall, Penny (Director), Zaillian, Steven (Scenarist), Heard, John (Actor)
Format: Diapositiva
Idioma:italià
Publicat: Roma : Editoriale La Repubblica distr.!, 199.?!
Col·lecció:La Repubblica cinema ; 12
Etiquetes: Afegir etiqueta
Sense etiquetes, Sigues el primer a etiquetar aquest registre!

MARC

LEADER 00000ngm a22000007i 4500
001 IT\ICCU\RLZ\0266749
003 ItRI
005 20260124182908.0
008 020702q19901999it |||||||||||||||k|||||c
040 |b ita 
041 7 |a ita  |2 ISO-639-2 
082 |a 791.43  |9 CINEMA  |2 19 
130 0 |a Risvegli <film ; 1990>  |3 IT\ICCU\SCM\0082994 
245 0 0 |a Risvegli /  |c Penny Marshall ; con Robert De Niro, Robin Williams, John Heard, Julie Kavner, Penelope Ann Miller, Max von Sydow ; sceneggiatura Steven Zaillian ; musiche Randy Newman. 
246 1 3 |a Risvegli <videoregistrazione>  |9 IT\ICCU\SCM\0082993 
260 |a Roma :  |b Editoriale La Repubblica distr.!,  |c 199.?! 
300 |a 1 videocassetta (VHS) (116 min.) :  |b color., son 
500 |a Tit. orig.: Awakenings 
500 |a Produzione: USA, Columbia Pictures Corporation, 1990 
500 |a Distribuita in Italia su autorizzazione di Columbia Tristar home video, 1992.- Suppl. a Il venerdi di Repubblica 
700 1 |a Williams, Robin,  |d  (1951-2014)  |0 IT\ICCU\MILV\105349  |4 act 
700 1 |a Miller, Penelope Ann  |0 IT\ICCU\MODV\134900  |4 act 
700 1 |a Kavner, Julie  |0 IT\ICCU\MODV\162516  |4 act 
700 1 |a De Niro, Robert,  |d  (1943- )  |0 IT\ICCU\RAVV\088394  |4 act 
700 1 |a Sydow, Max : von  |0 IT\ICCU\RAVV\088743  |4 act 
700 1 |a Marshall, Penny  |0 IT\ICCU\RAVV\092418  |4 drt 
700 1 |a Zaillian, Steven  |0 IT\ICCU\RAVV\092419  |4 sce 
700 1 |a Newman, Randy  |0 IT\ICCU\RAVV\098294  |4 cmp 
700 1 |a Heard, John  |0 IT\ICCU\RAVV\286014  |4 act 
790 1 |a Sydow, Carl Adolf : von  |3 IT\ICCU\SBNV\063727  |z Sydow, Max : von 
790 1 |a Newman, Randall Stuart  |3 IT\ICCU\CFIV\356928  |z Newman, Randy 
790 1 |a Heard, John Matthew, Jr.  |3 IT\ICCU\SBNV\051327  |z Heard, John 
830 3 |a La Repubblica cinema ;  |v 12  |0 IT\ICCU\TO0\0830765 
942 |2 ddc  |c VM  |n 0 
952 |0 0  |1 0  |4 0  |6 VO_830_000000000000000  |7 0  |9 27706  |a BO  |b BO  |d 2026-01-24  |i 7792  |l 0  |o VO 830  |p BO7792  |r 2026-01-24 18:29:08  |w 2026-01-24  |x [Sebina 5] [1 videocassetta]  |y VM  |z 1 videocassetta 
999 |c 23482  |d 23482